[Event "CCA/ICC"]
[Site "Stratton Mt USA"]
[Date "2004.06.09"]
[Round "3"]
[White "Betaneli,A"]
[Black "Wojtkiewicz,A"]
[Result "1-0"]
[WhiteElo "2228"]
[BlackElo "2559"]

1.c4 Nf6 2.g3 e5 3.Bg2 d5 4.cxd5 Nxd5 5.Nc3 Nb6 6.Nf3 Nc6 7.O-O Be7 8.a3 O-O
9.b4 Re8 10.d3 Bf8 11.Rb1 Bg4 12.h3 Bh5 13.Nd2 Rb8 14.Nde4 Nd4 15.g4 Bg6
16.a4 c6 17.a5 Nd7 18.f4 exf4 19.Bxf4 Rc8 20.Bg3 Ne5 21.Qd2 a6 22.Bf2 h5
23.Qf4 hxg4 24.hxg4 Nc2 25.Nc5 Bxc5 26.Bxc5 Qh4 27.g5 Qxf4 28.Rxf4 Nd7 29.Rb2 Na3
30.Bd4 Nf8 31.Bh3 Ne6 32.Bxe6 Rxe6 33.Na4 Rce8 34.Kf1 Bh5 35.e3 Nb5 36.Rh2 Bg6
37.Rfh4 Bxd3+ 38.Kf2 f6 39.Nc5 Nxd4 40.Rxd4 Be4 41.Nxe6 Rxe6 42.Rd8+ Kf7
43.Rd7+ Kg6 44.gxf6 Rxf6+ 45.Ke1 c5 46.bxc5 Bc6 47.Rd6 Kf5 48.Rxf6+ gxf6
49.Kd2 Ke4 50.Rh4+ Kd5 51.Rh5+ Ke4 52.Rh4+ Kd5 53.Rd4+ Kxc5 54.Rf4 Kb5 55.Rf5+ Kb4
56.Kd3 Bb5+ 57.Kd4 Kxa5 58.Rxf6 Kb4 59.Rf2 Ba4 60.e4 a5 61.e5 Bb3 62.Rf6 b5
63.e6 Bxe6 64.Rxe6 a4 65.Kd3 Kb3 66.Kd2 b4 67.Kc1 Ka2 68.Re2+ Ka1 69.Re4 a3
70.Kc2  1-0

[Event "CCA/ICC"]
[Site "Stratton Mt USA"]
[Date "2004.06.10"]
[Round "5"]
[White "Wojtkiewicz,A"]
[Black "Hess,Ro"]
[Result "1/2-1/2"]
[WhiteElo "2559"]
[BlackElo "2169"]

1.Nf3 g6 2.d4 Bg7 3.c4 d6 4.Nc3 Bg4 5.e3 Nd7 6.Be2 e5 7.d5 f5 8.e4 Bxf3 9.Bxf3 Ne7
10.g4 f4 11.g5 h6 12.gxh6 Rxh6 13.Bg4 Ng8 14.Qf3 Ngf6 15.Bd2 a6 16.Ke2 Nxg4
17.Qxg4 Qh4 18.h3 Qxg4+ 19.hxg4 O-O-O 20.Rxh6 Bxh6 21.b4 Rh8 22.Rh1 Bg7 23.Rxh8+ Bxh8
24.f3 Bf6 25.Be1 Be7 26.Bf2 b6 27.Kd3 Kb7 28.Kc2 g5 29.Nb1 Nf8 30.Nd2 Ng6
31.Kd3 Bd8 32.c5 Ne7 33.Nc4 Nc8 34.a4 Kb8 35.Kc2 Kb7 36.Be1 Kb8 37.Bc3 Bf6
38.Kb3 Kb7 39.Bb2 Kb8 40.Ba3 Be7 41.Bc1 Kb7 42.Bd2 Bd8 43.Be1 Kb8 44.Bf2 Kb7
45.Na3 Kb8 46.Kc4 Na7 47.Nb1 Kb7 48.Nc3 Kb8 49.Ne2 Kb7 50.Nc1 Kb8 51.Nd3 Kb7
52.Bg1 Nc8 53.Ne1 Kb8 54.Nc2 Kb7 55.Na3 Na7 56.c6+ Kb8 57.Bf2 Ka8 58.b5 axb5+
59.Nxb5 Nxb5 60.Kxb5 Kb8  1/2-1/2

[Event "109th NY Masters"]
[Site "New York USA"]
[Date "2004.07.13"]
[Round "3"]
[White "Wojtkiewicz,A"]
[Black "Becerra Rivero,J"]
[Result "1-0"]
[WhiteElo "2551"]
[BlackElo "2550"]

1.Nf3 Nf6 2.c4 g6 3.g3 Bg7 4.d4 O-O 5.Bg2 d6 6.O-O Nbd7 7.Nc3 e5 8.e4 exd4
9.Nxd4 c6 10.h3 Re8 11.Be3 a6 12.Qc2 Rb8 13.Rad1 Qe7 14.a4 Ne5 15.b3 c5 16.Nde2 Nc6
17.Qd2 Rd8 18.Nd5 Nxd5 19.cxd5 Nb4 20.Bg5 f6 21.Be3 b5 22.Nc3 Bd7 23.f4 bxa4
24.bxa4 Re8 25.Kh2 c4 26.Rb1 a5 27.Bd4 Nd3 28.Qa2 Rb4 29.Rxb4 axb4 30.Qxc4 Nc5
31.Qxb4 Ra8 32.Bxc5 dxc5 33.Qc4 Qd6 34.Rb1 g5 35.e5 fxe5 36.Ne4 Qa6 37.Qxa6 Rxa6
38.Nxc5 Ra7 39.fxg5 Bf8 40.Nxd7 Rxd7 41.a5 Bc5 42.a6 Ra7 43.Rc1 Bd4 44.Rc6 Kf7
45.Be4 Ke8 46.h4 Rf7 47.Kh3 Kd7 48.Rh6 Rf2 49.Rxh7+ Kd6 50.Rh6+ Kc5 51.Rc6+ Kb4
52.g6  1-0

[Event "23rd NAO-OCF"]
[Site "Oklahoma USA"]
[Date "2004.09.05"]
[Round "5"]
[White "Gossell,T"]
[Black "Wojtkiewicz,A"]
[Result "0-1"]
[WhiteElo "2109"]
[BlackElo "2551"]

1.c4 e5 2.Nc3 Nf6 3.Nf3 Nc6 4.e3 Bb4 5.Qc2 O-O 6.Nd5 Re8 7.Qf5 d6 8.Nxf6+ Qxf6
9.Qxf6 gxf6 10.a3 Bc5 11.b4 Bb6 12.Bb2 a5 13.b5 Ne7 14.d4 a4 15.O-O-O Ng6
16.h4 h5 17.Ne1 Bg4 18.f3 Be6 19.g4 hxg4 20.h5 Ne7 21.fxg4 Bxg4 22.Rg1 f5
23.Be2 Kh7 24.Bxg4 fxg4 25.c5 dxc5 26.dxe5 Nf5 27.Rd7 Nh6 28.Kc2 Rad8 29.Rxd8 Rxd8
30.e4 c4 31.Rg2 Ba5 32.Bc3 Bb6 33.Bd2 Rg8 34.Kc3 g3 35.Kxc4 Ng4 36.Nd3 Ne3+
37.Bxe3 Bxe3 38.Nc5 Bxc5 39.Kxc5 Kh6 40.b6 cxb6+ 41.Kd6 Kxh5 42.Ke7 Kh4 43.Kxf7 Rg4
44.e6 Rf4+ 45.Kg6 Rxe4 46.Kf5 Re1 47.Rb2 Kh3 48.Rxb6 g2 49.Rxb7 g1=Q 50.Rh7+ Kg3
51.Rg7+ Kf3 52.Rxg1 Rxg1 53.e7 Rg8  0-1

[Event "120th NY Masters"]
[Site "New York USA"]
[Date "2004.10.05"]
[Round "3"]
[White "Ehlvest,J"]
[Black "Wojtkiewicz,A"]
[Result "1/2-1/2"]
[WhiteElo "2605"]
[BlackElo "2551"]

1.d4 d5 2.Nf3 c6 3.c4 Nf6 4.e3 Bg4 5.Nc3 e6 6.Qb3 Qb6 7.Bd2 Nbd7 8.cxd5 Qxb3
9.axb3 exd5 10.Bd3 Bd6 11.Nh4 O-O 12.f3 Be6 13.Nf5 Bb4 14.Na4 Bxf5 15.Bxf5 a5
16.Rc1 g6 17.Bxd7 Nxd7 18.Ke2 Rfe8 19.Kd3 Re7 20.Bxb4 axb4 21.Rhe1 f5 22.Nc5 Nxc5+
23.Rxc5 Kf7 24.Rcc1 Ra2 25.Rb1 Re8 26.g3 Kf6 27.h4 h6 28.Rh1 Raa8 29.Ra1 Kf7
30.Rxa8 Rxa8 31.Kd2 Kf6 32.Kd3 Ke6 33.Kc2 Kd6 34.Kd3 Kd7 35.Kc2 Kc7 36.Kd3 Kb6
37.Kc2 Kc7 38.Kd2 Kd7 39.Kc2 Ke6 40.Kd3 Kf7 41.Kd2 Kg7 42.Kd3  1/2-1/2

[Event "Open"]
[Site "Lindsborg USA"]
[Date "2004.12.18"]
[Round "2"]
[White "Wojtkiewicz,A"]
[Black "Zatonskih,A"]
[Result "0-1"]
[WhiteElo "2539"]
[BlackElo "2440"]

1.Nf3 d5 2.d4 Nf6 3.c4 c6 4.Qc2 dxc4 5.Qxc4 Bf5 6.g3 e6 7.Bg2 Nbd7 8.O-O Be7
9.e3 O-O 10.Qe2 c5 11.Rd1 Qb6 12.Nc3 Bg6 13.Ne5 cxd4 14.exd4 Nxe5 15.dxe5 Bh5
16.exf6 Bxe2 17.fxe7 Bxd1 18.exf8=Q+ Rxf8 19.Nxd1 Rd8 20.Nc3 Qb4 21.Rb1 f5
22.Bf4 Rd3 23.h4 h6 24.h5 Qb6 25.Ne2 Qa5 26.a3 e5 27.Be3 Qa4 28.Rc1 Rd1+
29.Rxd1 Qxd1+ 30.Bf1 b6 31.Bc1 Qb3 32.Nc3 Qc2 33.Ne2 Qb3 34.Nc3 Qc2 35.Ne2 Kh8
36.f3 Qb3 37.Bg2 Qf7 38.g4 Qc4 39.Kf2 fxg4 40.fxg4 Qxg4 41.Bf3 Qf5 42.Ng3 Qc2+
43.Ne2 Qf5 44.Ng3 Qc8 45.Ne2 Qc5+ 46.Be3 Qb5 47.Bc1 Qd3 48.Ng3 Qd4+ 49.Kg2 Qc4
50.Ne2 Qd3 51.Kf2 a5 52.Ng3 Qc2+ 53.Ne2 b5 54.Ke3 Qf5 55.Bd2 Qg5+ 56.Kd3 Qd8+
57.Kc2 Qc8+ 58.Kd3 Qc4+ 59.Ke3 Qc5+ 60.Kd3 Qc4+ 61.Ke3 Qb3+ 62.Ke4 Qc2+ 63.Ke3 Qxb2
64.Bc3 Qxa3 65.Ke4 Qa4+ 66.Kxe5 b4 67.Bd4 Qe8+ 68.Kf5 b3 69.Nf4 Qf7+ 70.Ke4 b2  0-1

[Event "131st NY Masters"]
[Site "New York USA"]
[Date "2005.01.25"]
[Round "3"]
[White "Bonin,J"]
[Black "Wojtkiewicz,A"]
[Result "1-0"]
[WhiteElo "2343"]
[BlackElo "2536"]

1.d4 Nf6 2.Nf3 g6 3.c4 Bg7 4.Nc3 O-O 5.e4 c6 6.Bd3 d6 7.h3 e5 8.O-O exd4
9.Nxd4 Re8 10.Bc2 Na6 11.Bf4 Nc5 12.Re1 Nh5 13.Bh2 Be5 14.Nf3 Bxh2+ 15.Kxh2 Qf6
16.Qd2 Nf4 17.Rad1 Nxh3 18.b4 Nd7 19.Kxh3 Ne5+ 20.Kg3 Nxc4 21.Qd4 Qe6 22.Bb3 Qg4+
23.Kh2 Ne5 24.Qxd6 Nxf3+ 25.gxf3 Qxf3 26.Qg3 Qh5+ 27.Kg2 Qh6 28.e5 Bf5 29.Ne4 Bxe4+
30.Rxe4 Rad8 31.Rxd8 Rxd8 32.Rf4 Rf8 33.e6 fxe6 34.Bxe6+ Kh8 35.Qc3+  1-0

[Event "7th Foxwoods Open"]
[Site "Connecticut USA"]
[Date "2005.03.24"]
[Round "2"]
[White "Bartholomew,J"]
[Black "Wojtkiewicz,A"]
[Result "0-1"]
[WhiteElo "2381"]
[BlackElo "2536"]

1.e4 c5 2.Nf3 d6 3.d4 cxd4 4.Nxd4 Nf6 5.Nc3 a6 6.Bg5 e6 7.f4 h6 8.Bh4 Be7
9.Qf3 Nbd7 10.O-O-O Qc7 11.Bd3 g5 12.fxg5 Ne5 13.Qe2 Nfg4 14.Nf3 hxg5 15.Bg3 Nxf3
16.gxf3 Ne5 17.Qf2 b5 18.a3 Qa7 19.Qe2 Bd7 20.Kb1 Qb7 21.Na2 a5 22.c3 Nxd3
23.Rxd3 e5 24.Rhd1 Be6 25.Rd5 Bxd5 26.Rxd5 Rb8 27.b4 f5 28.bxa5 f4 29.Be1 Qa7
30.Nb4 Qg1 31.Rd2 g4 32.fxg4 f3 33.Qf2 Qxg4 34.Qa7 Qxe4+ 35.Kb2 Ra8 36.Qg1 Kf7
37.Nd5 Rhg8 38.Bg3 Bg5 39.Qb6 Bxd2 40.Qb7+ Ke6 41.Qe7+ Kxd5 42.Qb7+ Ke6 43.Qxe4 Raf8
44.c4 Rxg3 45.Qd5+ Ke7 46.Qb7+ Kf6 47.hxg3 f2 48.Qf3+ Kg7 49.Qg4+ Kh6 50.Qe6+ Kg5
51.Qe7+ Rf6 52.Qg7+ Kf5 53.Qd7+ Ke4 54.Qc6+ Ke3  0-1

[Event "CCA-ICC Open"]
[Site "Lake George USA"]
[Date "2005.05.11"]
[Round "1"]
[White "Wojtkiewicz,A"]
[Black "Filippov,Va"]
[Result "1/2-1/2"]
[WhiteElo "2535"]
[BlackElo "2621"]

1.Nf3 d5 2.d4 Nf6 3.c4 e6 4.g3 c6 5.Bg2 Nbd7 6.Qc2 Be7 7.O-O O-O 8.Rd1 b6
9.Nc3 Ba6 10.Ne5 Qc8 11.Bg5  1/2-1/2

[Event "CCA-ICC Open"]
[Site "Lake George USA"]
[Date "2005.05.14"]
[Round "7"]
[White "Mikhalevski,V"]
[Black "Wojtkiewicz,A"]
[Result "1-0"]
[WhiteElo "2572"]
[BlackElo "2535"]

1.d4 d5 2.c4 c6 3.Nf3 Nf6 4.Nc3 dxc4 5.a4 Bf5 6.Ne5 Nbd7 7.Nxc4 Nb6 8.Ne5 e6
9.f3 Bb4 10.e4 Bxe4 11.fxe4 Nxe4 12.Qd3 Qh4+ 13.g3 Nxg3 14.Qxg3 Qe4+ 15.Kf2 Bxc3
16.bxc3 Qxh1 17.Nf3  1-0

[Event "HB Global CC"]
[Site "Minneapolis USA"]
[Date "2005.05.21"]
[Round "6"]
[White "Sharavdorj,D"]
[Black "Wojtkiewicz,A"]
[Result "0-1"]
[WhiteElo "2453"]
[BlackElo "2535"]

1.d4 d5 2.c4 c6 3.Nf3 Nf6 4.Nc3 dxc4 5.a4 Bf5 6.Ne5 Nbd7 7.Nxc4 Nb6 8.Ne5 a5
9.g3 e6 10.Bg2 Bb4 11.O-O O-O 12.e3 h6 13.Qe2 Bh7 14.Rd1 Nfd7 15.Nxd7 Nxd7
16.e4 Qe7 17.Be3 Rad8 18.d5 exd5 19.exd5 Bxc3 20.bxc3 cxd5 21.Rxd5 Nf6 22.Rxa5 b6
23.Rb5 Bd3 24.Qb2 Bxb5 25.Qxb5 Rd6 26.Bxb6 Rb8 27.a5 Nd7 28.c4 Qf6 29.Rf1 Nxb6
30.a6 Qe7 31.c5 Rf6 32.Bb7 Nc8 33.c6 Na7 34.Qa4 Qc5  0-1

[Event "HB Global CC"]
[Site "Minneapolis USA"]
[Date "2005.05.22"]
[Round "9"]
[White "Wojtkiewicz,A"]
[Black "Renteria,J"]
[Result "1-0"]
[WhiteElo "2535"]
[BlackElo "2295"]

1.Nf3 c5 2.c4 Nf6 3.Nc3 b6 4.d4 cxd4 5.Nxd4 Bb7 6.f3 e6 7.e4 d6 8.Be2 Be7
9.O-O O-O 10.Be3 a6 11.Qd2 Nbd7 12.Rfd1 Qc7 13.Rac1 Rac8 14.Bf1 Rfe8 15.a3 Qb8
16.b4 Bd8 17.Nb3 Bc7 18.Bf4 Ne5 19.Bxe5 dxe5 20.c5 b5 21.a4 bxa4 22.Nxa4 Bc6
23.Nb2 a5 24.Nxa5 Bxa5 25.bxa5 Bb5 26.Bxb5 Qxb5 27.Qc3 Ra8 28.Ra1 Rec8 29.Nd3 Nd7
30.Rdb1 Qa6 31.Kh1 h6 32.Nb4 Qb5 33.Nd3 Qa6 34.Rc1 Rc7 35.c6 f6 36.Nb2 Qa7
37.Qd2 Nc5 38.Qd6  1-0

[Event "33rd World Open"]
[Site "Philadelphia USA"]
[Date "2005.06.29"]
[Round "2"]
[White "Peric,Sl"]
[Black "Wojtkiewicz,A"]
[Result "0-1"]
[WhiteElo "2248"]
[BlackElo "2535"]

1.d4 Nf6 2.Nf3 g6 3.g3 c5 4.d5 b5 5.Bg2 d6 6.O-O Bg7 7.Re1 O-O 8.e4 Nbd7
9.h3 Bb7 10.Nbd2 Nb6 11.c3 Qc7 12.Qc2 Rfe8 13.c4 a6 14.Rb1 bxc4 15.Nxc4 Nxc4
16.Qxc4 e6 17.dxe6 Rxe6 18.e5 dxe5 19.Ng5 Re7 20.Bxb7 Qxb7 21.Qxc5 e4 22.f3 Rae8
23.Qf2 exf3 24.Rxe7 Rxe7 25.Bf4 Ne4 26.Nxe4 Rxe4 27.Rd1 h5 28.Rd2 h4 29.Kh2 hxg3+
30.Bxg3 Re8 31.Qf1 Bxb2 32.Rf2 Bd4 33.Rxf3 Qb2+ 34.Kh1 Qxa2  0-1

[Event "33rd World Open"]
[Site "Philadelphia USA"]
[Date "2005.06.30"]
[Round "3"]
[White "Wojtkiewicz,A"]
[Black "Hoekstra,M"]
[Result "1/2-1/2"]
[WhiteElo "2535"]
[BlackElo "2357"]

1.Nf3 d5 2.d4 Nf6 3.c4 c6 4.Qc2 g6 5.Bf4 Na6 6.Nbd2 Nb4 7.Qb3 dxc4 8.Nxc4 a5
9.a3 Nbd5 10.Be5 a4 11.Qd1 Bf5 12.e3 Bg7 13.Be2 O-O 14.O-O Nb6 15.h3 Be6
16.Rc1 Nxc4 17.Bxc4 Bxc4 18.Rxc4 Qb6 19.Qc2 Ra5 20.Rb1 Rfa8 21.Ne1 Nd7 22.Bxg7 Kxg7
23.Nd3 Kg8 24.Rd1 Qc7 25.g3 Nb6 26.Rc5 Nd7 27.Rc3 Rb5 28.Nb4 Qd6 29.e4 Qe6
30.Kg2 Nf6 31.f3 Rh5 32.g4 Rb5 33.Nd3 Nd7 34.d5 cxd5 35.Nf4 Qd6 36.Nxd5 Rc5
37.Rxc5 Nxc5 38.g5 Kf8 39.Qc3 f6 40.gxf6 exf6 41.Qxf6+ Qxf6 42.Nxf6 Kg7 43.Nd5 Ne6
44.Kg3 Ra5 45.h4 Rb5 46.Rd2 Rb3 47.Nb4 Kf6 48.Nd3 g5 49.hxg5+ Nxg5 50.Kf4 Ne6+
51.Kg4 h5+ 52.Kh4 Ng5 53.Kg3 b6 54.Rd1 Ne6 55.Nf4 Nxf4 56.Kxf4 Rxb2 57.Rd6+ Ke7
58.Rh6 Rb3 59.Rh7+ Kd8 60.e5 Rxa3 61.Ke4 Ra1 62.Rxh5 a3 63.Rh8+ Kc7 64.Kf5 Rf1
65.Ra8 Rxf3+ 66.Ke4 Rh3 67.e6 Kd6  1/2-1/2

[Event "33rd World Open"]
[Site "Philadelphia USA"]
[Date "2005.07.03"]
[Round "6"]
[White "Wojtkiewicz,A"]
[Black "Krush,I"]
[Result "1-0"]
[WhiteElo "2535"]
[BlackElo "2455"]

1.Nf3 d5 2.d4 Nf6 3.c4 dxc4 4.e3 Bg4 5.Bxc4 e6 6.Nc3 a6 7.h3 Bh5 8.g4 Bg6
9.Ne5 Nbd7 10.Nxg6 hxg6 11.Bf1 c6 12.Bg2 Be7 13.Bd2 e5 14.d5 Nxd5 15.Nxd5 cxd5
16.Bxd5 Nc5 17.Bc3 Qc7 18.Qf3 Bf6 19.O-O O-O 20.Rac1 Rad8 21.Rfd1 Qe7 22.Ba5 Rd7
23.Qe2 e4 24.Bb4 b6 25.Bxc5 bxc5 26.Bc4 a5 27.Rxd7 Qxd7 28.Qc2 Qb7 29.Bb3 Rc8
30.Qc4 Bxb2 31.Rb1 Bf6 32.Bc2 Qe7 33.Bxe4 Kh7 34.Bd5 Rc7 35.Kg2 g5 36.Rb5 Ra7
37.Rxc5 g6 38.Rc8 Kg7 39.a4 Kh7 40.Rc6 Kg7 41.Rc5 Qd6 42.Bf3 Qd7 43.Rd5 Qe7
44.Rc5 Qd8 45.Qb5 Qd6 46.Rc6 Qb4 47.Rc8 Qd2 48.Bb7 Qb2 49.Rc7 Qxb5 50.axb5 a4
51.b6 Ra5 52.Bc6 a3 53.b7 a2 54.b8=Q a1=Q 55.Qb3  1-0

[Event "US Open"]
[Site "Phoenix USA"]
[Date "2005.08.08"]
[Round "3"]
[White "Wojtkiewicz,A"]
[Black "De Silva,N"]
[Result "1-0"]
[WhiteElo "2535"]
[BlackElo "2231"]

1.Nf3 Nf6 2.c4 e6 3.g3 b6 4.Bg2 Bb7 5.O-O Be7 6.Nc3 O-O 7.Re1 d5 8.cxd5 exd5
9.d4 c6 10.Ne5 Nfd7 11.Nd3 Bf6 12.Nf4 Na6 13.e4 dxe4 14.Nxe4 Be7 15.d5 cxd5
16.Nxd5 Bxd5 17.Qxd5 Nb4 18.Qb5 Rc8 19.Rd1 Qc7 20.Bf4 Ne5 21.a3 Nbc6 22.Rac1 Kh8  1-0

[Event "10th Governors Cup"]
[Site "Sioux Falls USA"]
[Date "2005.10.28"]
[Round "1"]
[White "Kobernat,A"]
[Black "Wojtkiewicz,A"]
[Result "1-0"]
[WhiteElo "2101"]
[BlackElo "2570"]

1.e4 c5 2.d4 cxd4 3.c3 dxc3 4.Nxc3 Nc6 5.Nf3 e6 6.Bc4 Qc7 7.O-O Nf6 8.h3 a6
9.Qe2 d6 10.Be3 Be7 11.Rac1 O-O 12.Nd4 Bd7 13.f4 b5 14.Nxc6 Qxc6 15.Bd3 Qb7
16.e5 dxe5 17.fxe5 Nd5 18.Nxd5 exd5 19.Qh5 g6 20.Qh6 Rac8 21.Rce1 Bc5 22.Bxc5 Rxc5
23.e6 Bc6 24.e7 Re8 25.Rxf7  1-0

[Event "41st American Open"]
[Site "Los Angeles USA"]
[Date "2005.11.26"]
[Round "6"]
[White "Wojtkiewicz,A"]
[Black "Taylor,T"]
[Result "1/2-1/2"]
[WhiteElo "2570"]
[BlackElo "2323"]

1.Nf3 f5 2.g3 Nf6 3.Bg2 d6 4.d4 e6 5.c4 Be7 6.O-O O-O 7.Nc3 Ne4 8.Qd3 Nxc3
9.bxc3 Nc6 10.e4 e5 11.dxe5 dxe5 12.Qd5+ Kh8 13.exf5 Bxf5 14.Be3 Bd3 15.Rfe1 Bf6
16.Nd2 a6 17.Ne4 Qxd5 18.cxd5 Na5 19.Bc5 Rfe8 20.d6 Bxe4 21.Bxe4 cxd6 22.Bxd6 Nc4
23.Bb4 a5 24.Bc5 Rac8 25.Ba7 Nd6 26.Bb6 Nxe4 27.Rxe4 Rxc3 28.Bxa5 Rc2 29.a4 Ra8
30.Be1 Kg8 31.Rb1 Ra2 32.a5 Bd8 33.Bc3 Bxa5 34.Bxe5 b6 35.Bc7 Rf8  1/2-1/2

[Event "41st American Open"]
[Site "Los Angeles USA"]
[Date "2005.11.27"]
[Round "7"]
[White "Khachiyan,M"]
[Black "Wojtkiewicz,A"]
[Result "1/2-1/2"]
[WhiteElo "2498"]
[BlackElo "2570"]

1.e4 c5 2.Nf3 d6 3.d4 cxd4 4.Nxd4 Nf6 5.f3 e5 6.Bb5+ Nbd7 7.Nf5 d5 8.exd5 a6
9.Bxd7+ Qxd7 10.Ne3 b5 11.Nc3 Bb7 12.O-O b4 13.Ne4 Nxd5 14.Nxd5 Qxd5 15.Be3  1/2-1/2

[Event "ch-USA GpB"]
[Site "San Diego USA"]
[Date "2006.03.02"]
[Round "1"]
[White "Wojtkiewicz,A"]
[Black "Itkis,H"]
[Result "1-0"]
[WhiteElo "2554"]
[BlackElo "2105"]

1.Nf3 d5 2.d4 Nf6 3.c4 c6 4.e3 a6 5.Bd3 dxc4 6.Bxc4 b5 7.Bd3 Bb7 8.O-O e6
9.e4 Nbd7 10.a4 Qb6 11.Nc3 b4 12.a5 Qc7 13.Ne2 c5 14.Bf4 Qc6 15.Ng3 Be7 16.Re1 cxd4
17.Nxd4 Qc5 18.Nb3 Qa7 19.Rc1 O-O 20.Rc7 Rfd8 21.Qe2 Ne8 22.Rc4 Nef6 23.h4 Rac8
24.Rec1 Qa8 25.e5 Rxc4 26.Rxc4 Nd5 27.Bg5 Rc8 28.Rg4 Qb8 29.Bxe7 Nxe7 30.Rxb4 Nc6
31.Rxb7 Qxb7 32.Bxa6 Qxb3 33.Bxc8 Ndxe5 34.a6 Qa4 35.Bb7 Qa1+ 36.Nf1 Qa4
37.g3 g6 38.Kg2 Nd7 39.Nd2 Nc5 40.b3  1-0

[Event "ch-USA GpB"]
[Site "San Diego USA"]
[Date "2006.03.03"]
[Round "2"]
[White "Wojtkiewicz,A"]
[Black "Shabalov,A"]
[Result "1/2-1/2"]
[WhiteElo "2554"]
[BlackElo "2595"]

1.Nf3 d5 2.d4 Nf6 3.c4 c6 4.Qc2 g6 5.Bf4 dxc4 6.Qxc4 Bg7 7.e3 O-O 8.Nbd2 Be6
9.Qc1 Nbd7 10.Bc4 Bf5 11.O-O Rc8 12.Re1 b5 13.Bf1 c5 14.Qd1 cxd4 15.Nxd4 Bg4
16.N4f3 Nd5 17.h3 Be6 18.Rb1 Nxf4 19.exf4 Qb6 20.Nb3 Nc5 21.Nxc5 Rxc5 22.b3 Rfc8
23.Bd3 Qd6 24.f5 gxf5 25.Ng5 h6 26.Nxe6 fxe6 27.Qe2 Re5 28.Qf1 a6 29.Rxe5 Bxe5
30.a4 Bd4 31.axb5 axb5 32.Qe2 Rc5 33.Rd1 Re5 34.Qf3 Rd5 35.g3 Rc5 36.Kg2 Rc3
37.Qa8+ Kg7 38.Qb7 Rxb3 39.Bxf5 Kf6 40.Bxe6 Rb2 41.Qf3+ Kxe6 42.Qg4+ Ke5
43.Qf4+ Ke6 44.Qg4+ Ke5  1/2-1/2

[Event "ch-USA GpB"]
[Site "San Diego USA"]
[Date "2006.03.09"]
[Round "7"]
[White "Ivanov,AV USA"]
[Black "Wojtkiewicz,A"]
[Result "1/2-1/2"]
[WhiteElo "2606"]
[BlackElo "2554"]

1.e4 c5 2.Nf3 Nc6 3.Bb5 d6 4.O-O Bd7 5.c3 Nf6 6.Re1 a6 7.Ba4 c4 8.d4 cxd3
9.Bg5 e6 10.Qxd3 Be7 11.Bxf6 gxf6 12.Nbd2 O-O 13.Bc2 Ne5 14.Qe2 Ng6 15.Nd4 Kh8
16.g3 Rg8 17.Kh1 Ne5 18.f4 Nc6 19.N4f3 Qc7 20.Rad1 Rad8 21.Nf1 Bf8 22.Ne3 Be7
23.Nd4 Rde8 24.Bb1 Rg7 25.a3 Qa5 26.Nc4 Qc7 27.Nf3 Rd8 28.Ne3 Re8 29.Ng2 Bf8
30.Nfh4 Ne7 31.Qh5 Bc6 32.Nf3 Rd8 33.Nd4 Bd7 34.Ne3 Bc8 35.Nf3 b6 36.f5 Bb7
37.fxe6 fxe6 38.Nd4 Qc8 39.Kg1 Nc6 40.Rf1 Be7 41.Qh3 Nxd4 42.cxd4 d5 43.Ba2 Rdg8
44.exd5 f5 45.Rf2 Bd6 46.Kf1 Rf8 47.dxe6 f4 48.gxf4 Rxf4 49.Rxf4 Bxf4 50.Ke2 Bxe3
51.Qxe3 Qc2+ 52.Ke1 Bf3 53.Rd2 Qc1+ 54.Kf2 Be4 55.Qxe4 Qxd2+ 56.Kf3 Qd1+
57.Ke3 Qc1+ 58.Kd3 Qxb2 59.Qa8+ Rg8 60.Qxg8+ Kxg8 61.e7+ Kg7 62.e8=Q Qxa3+
63.Ke4 Qxa2 64.Qe5+ Kf7 65.Qc7+ Kf6 66.Qd8+ Kf7 67.Qd7+ Kf6 68.Qf5+ Kg7 69.Qg5+ Kf7
70.Qh5+ Kf8 71.Qh6+ Ke8 72.Qc6+ Ke7 73.Qc7+ Kf6 74.Qf4+ Ke7 75.Qc7+  1/2-1/2

[Event "Foxwoods Open"]
[Site "Ledyards USA"]
[Date "2006.04.12"]
[Round "1"]
[White "Friedman,J"]
[Black "Wojtkiewicz,A"]
[Result "0-1"]
[WhiteElo "2207"]
[BlackElo "2552"]

1.e4 c5 2.Nf3 g6 3.d4 Bg7 4.c3 cxd4 5.Nxd4 Nc6 6.Be3 Nf6 7.Nd2 O-O 8.Be2 d5
9.exd5 Nxd5 10.Nxc6 bxc6 11.Nc4 Nxe3 12.Nxe3 Rb8 13.Qc2 Bh6 14.Rd1 Qa5 15.b4 Qe5
16.Nc4 Qc7 17.O-O c5 18.a3 Be6 19.Qe4 Bg7 20.Rc1 Rfd8 21.Ne3 Bh6 22.Bc4 Rd6
23.Bxe6 Rxe6 24.Qc4 Bxe3 25.fxe3 Qe5 26.Rf3 Kg7 27.Rd1 Rc8 28.Rd5 Qe4 29.Qxe4 Rxe4
30.Rd7 a5 31.b5 Rb8 32.a4 Kf8 33.Rf4 Rxe3 34.Rc4 Re5 35.h4 f5 36.h5 Kf7 37.hxg6+ hxg6
38.Kf2 Rb6 39.Rh4 Rbe6 40.Rd2 Kg7 41.Rb2 Rd5 42.Rc4 Rb6 43.g4 e5 44.gxf5 gxf5
45.Rh4 Rd3 46.Rc4 Rh6 47.Rc2 Rd5 48.Kg2 e4 49.Rb2 Rg6+ 50.Kh2 f4 51.Rg2 Rh5+
52.Kg1 Rxg2+ 53.Kxg2 f3+ 54.Kg1 e3 55.Rg4+ Kh6 56.Rf4 f2+ 57.Kg2 Rg5+ 58.Kf1 Rg1+
59.Ke2 Rc1  0-1

[Event "Foxwoods Open"]
[Site "Ledyards USA"]
[Date "2006.04.14"]
[Round "4"]
[White "Wojtkiewicz,A"]
[Black "Van Wely,L"]
[Result "1/2-1/2"]
[WhiteElo "2552"]
[BlackElo "2655"]

1.Nf3 Nf6 2.c4 e6 3.g3 d5 4.d4 dxc4 5.Bg2 a6 6.Ne5 c5 7.Na3 cxd4 8.Naxc4 Ra7
9.Bd2 b6 10.Qb3 Bb7 11.Bxb7 Rxb7 12.O-O Bc5 13.Bb4 Qe7 14.Bxc5 Qxc5 15.Qf3 Re7
16.b4 Qxb4 17.Nd3 Qxc4 18.Rfc1 Qxc1+ 19.Rxc1 O-O 20.Qf4 Rd8 21.Rc4 Red7 22.Ne5 Rd5
23.Rc7 Nbd7 24.Nc6 Re8 25.Nb4 e5 26.Qf5 Rd6 27.Nxa6 e4 28.Nb4 g6 29.Qf4 Ne5
30.Rc6 Nxc6 31.Qxd6 Re6 32.Qxe6 fxe6 33.Nxc6 d3 34.exd3 exd3 35.Kf1 Ng4 36.Ke1 Nxh2
37.Ne5 h5 38.Nxg6 Nf3+ 39.Kd1 e5 40.Ne7+ Kf7 41.Nc8 b5 42.Nd6+ Ke6 43.Nxb5 Kd5
44.a4  1/2-1/2

[Event "Foxwoods Open"]
[Site "Ledyards USA"]
[Date "2006.04.15"]
[Round "6"]
[White "Smith,Bry"]
[Black "Wojtkiewicz,A"]
[Result "1/2-1/2"]
[WhiteElo "2384"]
[BlackElo "2552"]

1.e4 c5 2.Nf3 Nc6 3.Bb5 d6 4.O-O Bd7 5.Re1 Nf6 6.c3 a6 7.Ba4 c4 8.d4 cxd3
9.Bg5 Ne5 10.Nxe5 dxe5 11.Bxf6 gxf6 12.Re3 b5 13.Bb3 e6 14.Rxd3 Bc5 15.a4 Qc7
16.axb5 Bxb5 17.Ba4 Ke7 18.Bxb5 axb5 19.Na3 Qc6 20.Qe2 Bxa3 21.bxa3 Rhd8
22.Rxd8 Rxd8 23.Qb2 Qc4 24.Qb4+ Qxb4 25.axb4 f5 26.exf5 exf5 27.Kf1 Rd3 28.Ra5 Rxc3
29.Rxb5 Ke6 30.Rb6+ Ke7 31.Rb7+ Ke6 32.Rb6+  1/2-1/2

[Event "Open"]
[Site "Chicago USA"]
[Date "2006.05.26"]
[Round "2"]
[White "Wojtkiewicz,A"]
[Black "Bereolos,P"]
[Result "1-0"]
[WhiteElo "2552"]
[BlackElo "2303"]

1.Nf3 Nf6 2.c4 g6 3.g3 Bg7 4.d4 O-O 5.Bg2 d6 6.O-O Nbd7 7.Nc3 e5 8.e4 a6
9.Re1 exd4 10.Nxd4 Re8 11.h3 Rb8 12.Rb1 Ne5 13.b3 c5 14.Nc2 b5 15.f4 Ned7
16.Qxd6 Qa5 17.Qd3 Rd8 18.Rd1 Bb7 19.Bd2 b4 20.Nd5 Nxd5 21.cxd5 Qxa2 22.e5 Qa5
23.Ne3 Qb5 24.Qc2 Nb6 25.Be1 Rbc8 26.Bf2 c4 27.bxc4 Nxc4 28.Qe2 Bf8 29.Nxc4 Qxc4
30.Qxc4 Rxc4 31.d6 Bxg2 32.Kxg2 a5 33.Bb6 Ra8 34.d7 Be7 35.d8=Q+ Bxd8 36.Rxd8+ Rxd8
37.Bxd8 a4 38.Be7 Rc2+ 39.Kf3 b3 40.Rd1 Rc3+ 41.Ke2 f5 42.Ba3 Kf7 43.Rd7+ Ke8
44.Rd3 Rc2+ 45.Rd2 Rc3 46.e6 Rxg3 47.e7 Rg2+ 48.Ke3 Rxd2 49.Kxd2 h6 50.h4 Kf7
51.Kd3 Ke8 52.Kd4 Kf7 53.Ke5 b2 54.Bxb2 Kxe7 55.Ba3+ Kf7 56.Bd6 Kg7 57.Ba3 Kf7
58.Bc5 Kg7 59.Bb4 Kf7 60.Bd6 Kg7 61.Ke6 g5 62.Kxf5 gxh4 63.Ke6 h3 64.f5 a3
65.f6+ Kg6 66.f7 a2 67.f8=Q a1=Q 68.Qf5+  1-0

[Event "National Open"]
[Site "Las Vegas USA"]
[Date "2006.06.17"]
[Round "3"]
[White "Wojtkiewicz,A"]
[Black "Anka,E"]
[Result "1-0"]
[WhiteElo "2552"]
[BlackElo "2425"]

1.Nf3 Nf6 2.c4 e6 3.g3 d5 4.d4 dxc4 5.Bg2 a6 6.Ne5 c5 7.Na3 cxd4 8.Naxc4 Ra7
9.Bd2 b6 10.O-O Bb7 11.Bxb7 Rxb7 12.Qb3 Qd5 13.Bb4 Bc5 14.Bxc5 Qxc5 15.Qf3 Re7
16.b4 Qc7 17.Qf4 O-O 18.Qxd4 Nc6 19.Nxc6 Qxc6 20.Ne5 Qb7 21.Rfd1 Rc7 22.Rac1 h6
23.a4 b5 24.a5 Rxc1 25.Rxc1 Rc8 26.Rd1 Qd5 27.f3 Rc2 28.Kf2 Qxd4+ 29.Rxd4 Nd5
30.Ke1 f6 31.Nd3 Rc4 32.Rxc4 bxc4 33.e4 Nc3 34.Nc5  1-0

[Event "National Open"]
[Site "Las Vegas USA"]
[Date "2006.06.18"]
[Round "5"]
[White "Wojtkiewicz,A"]
[Black "Mitkov,N"]
[Result "1/2-1/2"]
[WhiteElo "2552"]
[BlackElo "2561"]

1.Nf3 d5 2.d4 Nf6 3.c4 e6 4.g3 Bb4+ 5.Bd2 Be7 6.Bg2 c6 7.Qc2 b6 8.O-O Ba6
9.cxd5 cxd5 10.Bf4 O-O 11.Rc1 Nbd7 12.Nc3 Nh5  1/2-1/2

[Event "National Open"]
[Site "Las Vegas USA"]
[Date "2006.06.18"]
[Round "6"]
[White "Sevillano,E"]
[Black "Wojtkiewicz,A"]
[Result "0-1"]
[WhiteElo "2472"]
[BlackElo "2552"]

1.e4 c5 2.Nf3 d6 3.d4 cxd4 4.Nxd4 Nf6 5.Nc3 a6 6.Bc4 e6 7.Bb3 b5 8.Bg5 Be7
9.Qf3 Qc7 10.O-O O-O 11.a3 Nbd7 12.Rad1 Nc5 13.Ba2 Bb7 14.Rfe1 Nfxe4 15.Bxe7 Nxc3
16.Qxc3 Qxe7 17.Nf5 Qg5 18.Ng3 Rad8 19.b4 Na4 20.Qc7 Ba8 21.Rxd6 Rxd6 22.Qxd6 Nc3
23.Bb3 Rd8 24.Qc7 Ne2+ 25.Kf1 Nf4 26.f3 h5 27.Qe5 Qh4 28.Qe3 Bd5 29.Kg1 Bxb3
30.cxb3 Rd3 31.Qc1 Qg5 32.Qc2 Rd2  0-1

[Event "34th World Open"]
[Site "Philadelphia USA"]
[Date "2006.07.02"]
[Round "5"]
[White "Ehlvest,J"]
[Black "Wojtkiewicz,A"]
[Result "1/2-1/2"]
[WhiteElo "2607"]
[BlackElo "2552"]

1.c4 c5 2.Nf3 g6 3.d4 cxd4 4.Nxd4 Nc6 5.e4 Nf6 6.Nc3 d6 7.Nc2 Bg7 8.Be2 Nd7
9.Bd2 O-O 10.O-O Nc5 11.b4 Ne6 12.Rc1 a5 13.a3 axb4 14.axb4 Ned4 15.Nxd4 Nxd4
16.Be3 e5 17.Bd3  1/2-1/2

[Event "34th World Open"]
[Site "Philadelphia USA"]
[Date "2006.07.04"]
[Round "8"]
[White "Wojtkiewicz,A"]
[Black "Stocek,J"]
[Result "1/2-1/2"]
[WhiteElo "2552"]
[BlackElo "2565"]

1.Nf3 Nf6 2.c4 e6 3.g3 d5 4.d4 Bb4+ 5.Bd2 a5 6.Bg2 dxc4 7.Qc2 Nc6 8.Qxc4 Qd5
9.Qd3 Qf5 10.Qc4 Qd5 11.Qd3 Qf5 12.Qc4 Qd5  1/2-1/2